History of the Ottoman Turks : from the beginning of their Empire to the present time /
محفوظ في:
المؤلف الرئيسي:
التنسيق: كتاب
اللغة: English
الموضوعات:
الوسوم: إضافة وسم
لا توجد وسوم, كن أول من يضع وسما على هذه التسجيلة!
رقم الطلب: ( R )DR440 .C91 1858
| LEADER | 00828namaa2200229 4500 | ||
|---|---|---|---|
| 001 | 17226 | ||
| 003 | OSt | ||
| 005 | 20210809125326.0 | ||
| 008 | 130303s1858 enkab g 000 0 eng d | ||
| 952 | |0 0 |1 0 |2 lcc |4 0 |7 1 |9 17610 |a ARCE |b ARCE |d 2021-08-09 |l 0 |o ( R )DR440 .C91 1858 |p 1036272 |r 2021-08-09 00:00:00 |w 2021-08-09 |y BK | ||
| 999 | |c 14476 |d 14476 | ||
| 040 | |c ARCE Library | ||
| 043 | |a a-tu--- | ||
| 050 | 0 | 4 | |a ( R )DR440 .C91 1858 |
| 100 | 1 | |a Creasy, Edward Shepherd, |d 1812-1878, |e author |9 28411 | |
| 245 | 1 | 0 | |a History of the Ottoman Turks : |b from the beginning of their Empire to the present time / |c E.S. Creasy. |
| 264 | 1 | |a London : |b Richard Bentley, |c 1858. | |
| 300 | |a xvi, 558 p. : |b illustrations, 4 folded maps ; |c 20 cm. | ||
| 650 | 0 | |a Eastern question (Balkan) | |
| 651 | 0 | |a Turkey |x History. | |
| 901 | |a reviewed | ||
| 942 | |c BK |2 lcc | ||
